| 000 | 00776nas a22002057a 4500 | ||
|---|---|---|---|
| 001 | K121143 | ||
| 007 | ta | ||
| 008 | 191021b2019 ||||| |||| 00| 0 eng d | ||
| 041 | _aeng | ||
| 100 | _aWatson, Stuart | ||
| 245 | _aThe ageing city | ||
| 260 | _c2019 | ||
| 490 |
_aModus _vJune 2019, 26-30(5) |
||
| 520 | _aLooks at how, with the prediction that 25% of the world's population will be over 65 by 20145, cities need to adapt to serve their needs. Includes an infographic of the growth rates for 10 cities around the world and a feature on Hong Kong which has the longest life expectancy of anywhere in the world. | ||
| 650 | _aCITIES | ||
| 650 | _aAGEING POPULATION | ||
| 650 | _aHONG KONG | ||
| 651 | _aUnited Kingdom | ||
| 690 |
_96259 _aPlanning and development |
||
| 999 |
_c121143 _d121143 |
||